01186nas a2200277Ia 4500001002200000003001000022008004100032040002500073041001300098100001700111210001500128222001500143245006000158250001100218260000900229501012300238300001400361362001700375500026200392650002500654700001100679942000700690957000600697999003200703952017300735te9-1438 [d000001441]IT-MiCISF161014c99999999xx |||||||||||| ||und|| aIT-MiCISFcIT-MiCISF aITALIANO aArdigò a.  aSociologia aSociologia 0aUna politica sanitaria e sociale a favore degli anziani a1a ed. c1991 bCISF - Centro Internazionale Studi Famiglia - Via Giotto, 36 20145 MILANO (non commercial uses only)cCopyright 2016 app. 3-110 a n. 1 [1991] aMarotta M., Chiappella G., Trabucchi M., Maniscalco M.L., Bartoli A., Nervo G., Fabris F., Vecchi G., Burgalassi S., Reale S., Colonnelli S., Federici M.C., Napoleoni L., Rizza S., Santanera G., Riondino G., Vetere C., Ziantoni V., Bartorelli L., Frudà L. aterza etàvdossier aAA.VV. cCR 71 a1438bSig1c218498d218498 0010406TE_91438_D00000144171aCISFbCISFd2016-10-14l0ote9-1438 [d000001441]r2016-10-14 00:00:00w2016-10-14yCRzData import 15.10.2016 / by Epidotti, Vaglietti